| 000 | 00811nam a22002417a 4500 | ||
|---|---|---|---|
| 999 |
_c6057 _d6057 |
||
| 003 | AR-CdUCM | ||
| 008 | 190313b ||||| |||| 00| 0 spa d | ||
| 040 |
_aMUNICIPALIDAD PROVINCIAL DEL CUSCO _cBIBLIOTECA MUNICIPAL DEL CUSCO |
||
| 082 |
_a985.093 / _bZ73 |
||
| 100 |
_aZimmermann Zavala, Augusto _917653 |
||
| 245 |
_aCamino al socialismo : _bLa revolución peruana / |
||
| 260 |
_aLima : _bEditora Humboldt, _c1976, |
||
| 300 |
_a462 páginas ; _c21 cm. |
||
| 500 | _aDonación de la familia Nieto | ||
| 505 | _aContenido: La revolución peruana -- confidencial. | ||
| 650 |
_aVelasco Alvarado, Juan, 1909-1977 _917654 |
||
| 650 |
_aSocialismo en el Perú _917655 |
||
| 650 |
_aPerú _935 |
||
| 650 |
_aGobierno revolucionario _917656 |
||
| 650 |
_aHistoria _9136 |
||
| 942 |
_2ddc _cLIBROS |
||
| 945 | _acmm | ||